Towards a better world/ (Record no. 193249)

MARC details
000 -LEADER
fixed length control field 00486nam a22001817a 4500
005 - DATE AND TIME OF LATEST TRANSACTION
control field 20221101112551.0
010 ## - LCCN (DPL NO)
LC control number ENG-135484
020 ## - INTERNATIONAL STANDARD BOOK NUMBER
Terms of availability 150.00
035 ## - SYSTEM CONTROL NUMBER
System control number EN-119020
037 ## - SOURCE OF ACQUISITION
Source of stock number/acquisition DBAD/PUB
082 ## - DEWEY DECIMAL CLASSIFICATION NUMBER
Classification number 305.4
100 ## - MAIN ENTRY--PERSONAL NAME
Personal name raj kumar
245 ## - TITLE STATEMENT
Title Towards a better world/
Statement of responsibility, etc by raj kumar
260 ## - PUBLICATION, DISTRIBUTION, ETC. (IMPRINT)
Place of publication, distribution, etc lucknow
Name of publisher, distributor, etc pragati prakashan
Date of publication, distribution, etc 2016
270 ## - ADDRESS
Address C-2/8, river bank colony
City lucknow
Postal code 226018
300 ## - PHYSICAL DESCRIPTION
Extent 76p.
Dimensions 21cm(pbk)
942 ## - ADDED ENTRY ELEMENTS (KOHA)
Source of classification or shelving scheme Dewey Decimal Classification
Item type English Books
Call number suffix RAJ
Classification part 305.4

No items available.


© Delhi Public Library
Hit Counter
free hit counter